[Event "Olympiad Women 2024"]
[Site "Budapest HUN"]
[Date "2024.09.21"]
[Round "10.18"]
[Board "1"]
[White "Shohradova, Lala"]
[Black "Tsolakidou, Stavroula"]
[Result "1/2-1/2"]
[WhiteElo "2030"]
[BlackElo "2444"]
[PlyCount "61"]
[EventDate "2024.09.11"]
[WhiteTeam "Turkmenistan"]
[BlackTeam "Greece"]
[WhiteTeamCountry "TKM"]
[BlackTeamCountry "GRE"]

1. d4 Nf6 2. c4 c5 3. Nf3 cxd4 4. Nxd4 e5 5. Nc2 d5 6. cxd5 Nxd5 7. e4 Nb4 8. Qxd8+ Kxd8 9. Nxb4 Bxb4+ 10. Nc3 ({RR} 10. Bd2 Nc6 11. Bc4 Bxd2+ 12. Kxd2 Ke7 13. Nc3 Rd8+ 14. Ke3 Be6 15. Bxe6 fxe6 16. Rhd1 Nd4 17. Rd2 Rac8 18. Rad1 Rf8 19. f3 Rc7 20. Ne2 Nc2+ 21. Kf2 Rfc8 22. Nc3 Nd4 23. Ne2 Nc6 24. g3 g5 {½-½ Ilincic,Z (2268)-Egresi,M (2384) SixDays Budapest May IM 2024 (2.1)}) 10... Nc6 $146 ({RR} 10... Be6 11. Be3 Nd7 12. O-O-O Rc8 13. Bb5 Ke7 14. Bxd7 Bxd7 15. Bd2 Ba4 16. Rde1 Rhd8 17. Re3 Bb5 18. Kd1 Ke6 19. Rhe1 Rd4 20. Kc2 Rcd8 21. Bc1 Bd3+ 22. Kb3 R8d6 23. Rxd3 Rxd3 24. Kxb4 Rb6+ 25. Ka3 {1-0 Holst,P-Josephsen,N DEN-chT 8990 1989 (5)}) ({RR} 10... Be6 11. Be3 Bxc3+ 12. bxc3 Kc7 13. Be2 Nc6 14. f4 f6 15. g4 exf4 16. Bxf4+ Kd7 17. O-O-O+ Ke7 18. g5 Rad8 19. gxf6+ gxf6 20. Kb2 Ne5 21. Rd4 Rdg8 22. Bg3 h5 23. Bf1 h4 24. Bf2 Bd7 25. Rd2 {0-1 Lushenkov,M (2362)-Kryvoruchko,Y (2476) Minsk Inautomarket op 2005 (9)}) ({RR} 10... Bxc3+ 11. bxc3 Be6 12. Be3 Nc6 13. Bb5 Kc7 14. a4 b6 15. Ba6 Na5 16. f3 Nc4 17. Bxc4 Bxc4 18. a5 Rhd8 19. Kf2 {½-½ Deacon,D (1635)-Bush,I (1780) BCF-chT4S 1819 (4NCL) 2018 (3.206)}) 11. Bc4 Be6 12. Bg5+ Kc7 13. Bxe6 fxe6 14. O-O-O h6 15. Bh4 Bxc3 16. bxc3 Na5 17. Bg3 Nc4 18. Rd4 b5 19. Rhd1 Rad8 20. a4 a6 21. Kc2 Kc8 22. Rxd8+ Rxd8 23. Rxd8+ Kxd8 24. axb5 axb5 25. Kd3 Ke7 26. f3 Kd6 27. Bh4 Nb2+ 28. Kc2 Nc4 29. Kd3 Nb2+ 30. Kc2 Nc4 31. Kd3 1/2-1/2

[Event "Olympiad Women 2024"]
[Site "Budapest HUN"]
[Date "2024.09.21"]
[Round "10.70"]
[White "Avramidou, Anastasia"]
[Black "Agajanova, Meryem"]
[Result "1-0"]
[WhiteElo "2290"]
[BlackElo "2007"]
[PlyCount "167"]
[EventDate "2024.09.11"]
[WhiteTeam "Greece"]
[BlackTeam "Turkmenistan"]
[WhiteTeamCountry "GRE"]
[BlackTeamCountry "TKM"]

1. e4 {Let's Check} e6 2. d4 d5 3. e5 c5 4. c3 Qb6 5. Nf3 Nc6 6. a3 Bd7 7. b4 cxd4 8. cxd4 Nge7 9. Be3 Nf5 10. Bd3 Nxe3 11. fxe3 Rc8 ({RR} 11... g6 12. Nc3 Nxb4 13. axb4 Bxb4 14. O-O Bxc3 15. Rc1 Rc8 16. Ng5 O-O 17. Qg4 Bd2 18. Qh3 h5 19. Rxc8 Bxc8 20. Qf3 Qd8 21. Nxf7 Bxe3+ 22. Kh1 Qh4 23. Bxg6 Bg5 24. Bh7+ {1-0 Caruana,F (2773)-Vallejo Pons,F (2697) Grand Slam Final 5th 2012 (4)}) 12. Nbd2 $146 ({RR} 12. O-O Be7 13. Qe1 O-O 14. Nc3 f5 15. exf6 Bxf6 16. Na4 Qc7 17. Rc1 Qd6 18. Nc5 Rc7 19. b5 Nd8 20. e4 Bxd4+ 21. Nxd4 Rxf1+ 22. Kxf1 Rxc5 23. Rxc5 Qxc5 24. Qh4 Qf8+ 25. Ke1 h6 26. exd5 exd5 {0-1 Miljanic,B (2436)-Kosic,D (2506) MNT-chT 1st Herceg Novi 2006 (5)}) ({RR} 12. O-O Be7 13. Qb3 f6 14. exf6 Bxf6 15. Kh1 O-O 16. Nbd2 Be8 17. Rac1 Bf7 18. Qb1 g6 19. b5 Nb8 20. Nb3 Nd7 21. a4 e5 22. a5 Qd6 23. dxe5 Nxe5 24. Nxe5 Bxe5 25. h3 Be6 {½-½ Vitielo,A (1768)-Da Silva,K (1517) 10th Floripa Open 2024 (8.116)}) ({RR} 12. O-O Be7 13. Qe1 f5 14. Nc3 Nd8 15. Rc1 a5 16. bxa5 Qxa5 17. Nb5 Qxe1 18. Rfxe1 Bc6 19. Rc3 Kd7 20. Rec1 Ra8 21. Kf2 Nf7 22. Rb3 Ra5 23. Ke2 Rha8 24. Rcc3 g5 25. Nd2 g4 26. Kd1 Ng5 {0-1 Kisova,P (2145)-Repkova,E (2115) CSR-ch (Women) 1991}) ({RR} 12. O-O Be7 13. Qe1 f5 14. exf6 Bxf6 15. Nc3 O-O 16. Na4 Qd8 17. Nc5 b6 18. Nxd7 Qxd7 19. Ra2 Qd6 20. b5 Nd8 21. g4 g6 22. g5 Bg7 23. h4 e5 24. dxe5 Qe6 25. h5 gxh5 26. g6 h6 {½-½ Yu,Y (2626)-Ding,L (2679) Danzhou 3rd 2012 (9)}) 12... Ne7 13. Qe2 Qd8 14. O-O g6 15. Nb3 b6 16. Rac1 Bh6 17. g4 O-O 18. h4 Ba4 19. Nbd2 Qd7 20. Nb1 Rxc1 21. Rxc1 Rc8 22. Nc3 Rc7 23. Kf2 Qc8 24. Qb2 Bd7 25. Ke2 Bf8 26. Kd2 Kg7 27. h5 Ng8 28. Rh1 Nh6 29. Rg1 Be7 30. g5 Nf5 31. Bxf5 gxf5 32. Ne1 Qd8 33. Nf3 a5 34. b5 Qf8 35. Nb1 Qe8 36. Nc3 Qf8 37. Nb1 Rc4 38. Ke2 Qc8 39. Ne1 Ra4 40. g6 fxg6 41. hxg6 hxg6 42. Nd3 Qc4 43. Rc1 Qxb5 44. Rc7 Kf8 45. Kd2 Rc4 46. Rb7 g5 47. Nc3 Qxb2+ 48. Nxb2 Rxc3 49. Kxc3 Ke8 50. Rxb6 Bxa3 51. Nd3 g4 52. Kd2 a4 53. Rb8+ Kf7 54. Rb7 Ke7 55. Nc5 Bxc5 56. dxc5 Kd8 57. Ke2 Kc8 58. Ra7 Bb5+ 59. Kf2 Kb8 60. Ra5 Bd7 61. Kg3 Kb7 62. Kf4 Be8 63. Kg3 Bd7 64. Kf4 Kc6 65. Kg3 Be8 66. Kf4 d4 67. exd4 Kd5 68. c6+ Kxc6 69. Rxa4 Kb5 70. Ra8 Bc6 71. Rc8 Be4 72. Re8 Bd5 73. Rc8 Kb4 74. Rc7 Bc4 75. Rc8 Bd5 76. Rc7 Kb3 77. Rc5 Bc4 78. d5 exd5 79. e6 g3 80. Kxg3 d4 81. Rxc4 Kxc4 82. e7 d3 83. e8=Q d2 84. Qe2+ 1-0

[Event "Olympiad Women 2024"]
[Site "Budapest HUN"]
[Date "2024.09.21"]
[Round "10.18"]
[Board "3"]
[White "Shohradova, Leyla"]
[Black "Pavlidou, Ekaterini"]
[Result "0-1"]
[WhiteElo "1873"]
[BlackElo "2141"]
[PlyCount "80"]
[EventDate "2024.09.11"]
[WhiteTeam "Turkmenistan"]
[BlackTeam "Greece"]
[WhiteTeamCountry "TKM"]
[BlackTeamCountry "GRE"]

1. d4 Nf6 2. c4 e6 3. g3 c5 4. Nf3 cxd4 5. Nxd4 d5 6. Bg2 e5 7. Nf3 d4 8. O-O Nc6 9. b4 e4 10. Ng5 Bxb4 11. Nxe4 Nxe4 12. Bxe4 Bh3 13. Bg2 ({RR} 13. a3 Ba5 14. Qb3 Qe7 15. Bg2 Bxg2 16. Kxg2 O-O 17. Ra2 Rac8 18. Rd1 Bb6 19. Bd2 Rfe8 20. Bb4 Qe4+ 21. Kg1 d3 22. Qxd3 Rcd8 23. Bd6 Rxd6 24. Qxd6 Rd8 25. Nc3 Rxd6 26. Rxd6 Qxc4 27. Rc2 Bxf2+ {0-1 Holt,C (2540)-Xiong,J (2646) Titled Tue 10th Sep Late 2024 (4)}) 13... Qd7 14. Nd2 $146 ({RR} 14. Bxh3 Qxh3 15. Ba3 Bxa3 16. Nxa3 h5 17. Qb3 Rb8 18. Qf3 h4 19. Qg2 Qxg2+ 20. Kxg2 h3+ 21. Kf3 f5 22. Kf4 O-O 23. e3 Rbe8 24. Rad1 Re4+ 25. Kf3 d3 26. Rxd3 Ne5+ 27. Ke2 Nxd3 28. Kxd3 Rc8 {0-1 Rahman,S (2164)-Chigaev,M (2622) Bangabandhu Premier 2024 (8.2)}) ({RR} 14. a3 Be7 15. Nd2 Bxg2 16. Kxg2 h5 17. Nf3 h4 18. Qb3 Rh5 19. Rb1 O-O-O 20. gxh4 Bxh4 21. Bf4 g5 22. Bg3 Bxg3 23. fxg3 Rdh8 24. Kg1 f5 25. Qb5 g4 26. Nh4 f4 27. c5 fxg3 28. hxg3 Qc7 {0-1 Ni,V (2241)-Sasikiran,K (2658) Barcelona Sants op-A18th 2016 (5)}) 14... Bxg2 15. Kxg2 O-O 16. Nf3 Rfd8 17. a3 Bc5 18. Qd3 h6 19. Bb2 Qe6 20. Rfd1 f6 21. Rac1 Rd6 22. Nh4 Ne7 23. Kg1 Rad8 24. Ng2 g5 25. Qf3 Nc6 26. Qh5 Kg7 27. Ne1 b6 28. Qf3 Ne5 29. Qe4 f5 30. Qc2 Kg6 31. Nd3 Ng4 32. h3 Nf6 33. Kg2 Kf7 34. Rh1 Re8 35. Rce1 Qd7 36. Bc1 Qc6+ 37. f3 Rde6 38. h4 g4 39. Bxh6 Rxe2+ 40. Rxe2 Qxf3+ 0-1

[Event "Olympiad Women 2024"]
[Site "Budapest HUN"]
[Date "2024.09.21"]
[Round "10.18"]
[Board "4"]
[White "Markantonaki, Haritomeni"]
[Black "Rejepova, Jahan"]
[Result "1/2-1/2"]
[WhiteElo "2179"]
[BlackElo "1915"]
[PlyCount "91"]
[EventDate "2024.09.11"]
[WhiteTeam "Greece"]
[BlackTeam "Turkmenistan"]
[WhiteTeamCountry "GRE"]
[BlackTeamCountry "TKM"]

1. e4 e6 2. d4 d5 3. Bd3 dxe4 4. Bxe4 Nf6 5. Bf3 c5 6. Ne2 Nc6 7. Be3 cxd4 8. Nxd4 Bd7 9. Nc3 Nxd4 10. Qxd4 Bc6 11. Bxc6+ bxc6 12. Qc4 Qc7 13. O-O-O Be7 14. g4 Qb7 $146 ({RR} 14... O-O 15. g5 Nd7 16. h4 Qb7 17. h5 Nb6 18. Qg4 Nd5 19. g6 Nxc3 20. gxh7+ Kh8 21. Bd4 Nxa2+ 22. Kb1 Bf6 23. Bxf6 gxf6 24. Kxa2 Rab8 25. b3 Qb4 26. Rd4 Qa5+ 27. Ra4 Qe5 28. Rg1 f5 29. Qg5 {1-0 Kulkarni,R (2321)-Alfaro Caracas,W (2149) Titled Tuesday intern op 15st Dec blitz 2020 (3)}) 15. h4 O-O 16. g5 Nd5 17. Bd4 Rab8 18. b3 Qb4 19. Qxb4 Bxb4 20. Na4 Nb6 21. Nxb6 axb6 22. h5 Be7 23. Rhg1 f6 24. gxf6 Bxf6 25. Bxf6 Rxf6 26. Rd7 Rf7 27. Rd6 c5 28. Rg2 Rf6 29. a4 Rb7 30. Kd2 Kf7 31. Kc3 Rf4 32. Rc6 Rh4 33. a5 bxa5 34. Rxc5 a4 35. bxa4 Rxa4 36. Rc4 Ra3+ 37. Kd2 Rh3 38. Rf4+ Ke8 39. Rg5 Rd7+ 40. Kc1 Rh1+ 41. Kb2 Rb7+ 42. Kc3 Rh3+ 43. Kd2 Rd7+ 44. Kc1 Rh1+ 45. Kb2 Rb7+ 46. Kc3 1/2-1/2

[Event "Olympiad Women 2024"]
[Site "Budapest HUN"]
[Date "2024.09.21"]
[Round "10.19"]
[Board "1"]
[White "Rivera, Ingris"]
[Black "Ouellet, Maili-Jade"]
[Result "0-1"]
[WhiteElo "2171"]
[BlackElo "2318"]
[PlyCount "102"]
[EventDate "2024.09.11"]
[WhiteTeam "Colombia"]
[BlackTeam "Canada"]
[WhiteTeamCountry "COL"]
[BlackTeamCountry "CAN"]

1. d4 Nf6 2. Nf3 d5 3. e3 c5 4. b3 Nc6 5. Bb2 cxd4 6. exd4 Bg4 7. Be2 e6 8. O-O Bd6 9. Ne5 Bxe2 10. Qxe2 O-O 11. Nd2 Rc8 12. f4 Ne7 $146 ({RR} 12... Qb6 13. Ndf3 Bxe5 14. fxe5 Ne4 15. c4 f6 16. exf6 Rxf6 17. Kh1 Rcf8 18. Rad1 Qc7 19. Kg1 Ne7 20. Ne5 Rf2 21. Qg4 Nf5 22. Nd3 h5 23. Qg6 Rxf1+ 24. Rxf1 Rf6 25. Qe8+ Kh7 26. Ne5 dxc4 27. Nd7 {1-0 Bock,M (1654)-Bungarten,J (1843) GER-chT U14 Willingen 2021 (3.6)}) ({RR} 12... Qa5 13. a3 Nxe5 14. fxe5 Rxc2 15. b4 Qb6 16. exf6 Rxb2 17. Qg4 {½-½ Werner,D (2358)-Mayer,I (2186) Budapest FS05 IM 2007 (2)}) 13. c3 Re8 14. Rf3 Nd7 15. Rh3 Nf8 16. Qh5 g6 17. Qe2 f6 18. Ng4 Nf5 19. Rf1 Nd7 20. Qb5 Rc7 21. Qd3 Nb8 22. Rff3 Rd7 23. Nf1 Nc6 24. Bc1 a6 25. Nfe3 Bf8 26. Nf2 Qa5 27. a4 b5 28. axb5 axb5 29. Nc2 b4 30. g4 Nd6 31. Bd2 bxc3 32. Bxc3 Qb6 33. Bd2 f5 34. Re3 Bg7 35. Re1 Ne4 36. Be3 Rb8 37. Rb1 Ra7 38. gxf5 exf5 39. Nxe4 fxe4 40. Qd1 Ne7 41. Bf2 Nf5 42. Kh1 Qc7 43. Bg1 Qxf4 44. b4 Ra2 45. b5 e3 46. Nb4 Qe4+ 47. Qf3 Qxf3+ 48. Rxf3 Rxb5 49. Bxe3 Ra3 50. Rc1 Rxe3 51. Rc8+ Bf8 0-1

[Event "Olympiad Women 2024"]
[Site "Budapest HUN"]
[Date "2024.09.21"]
[Round "10.19"]
[Board "2"]
[White "Li, Yunshan"]
[Black "Argote Heredia, Valentina"]
[Result "1-0"]
[WhiteElo "2268"]
[BlackElo "2144"]
[PlyCount "87"]
[EventDate "2024.09.11"]
[WhiteTeam "Canada"]
[BlackTeam "Colombia"]
[WhiteTeamCountry "CAN"]
[BlackTeamCountry "COL"]

1. d4 Nf6 2. c4 e6 3. g3 d5 4. Bg2 Bb4+ 5. Nd2 O-O 6. Ngf3 dxc4 7. O-O c3 8. bxc3 Bxc3 9. Rb1 Nc6 10. e3 Re8 ({RR} 10... Nd5 11. Ne4 Bb4 12. Qc2 f5 13. Nc5 Qe7 14. Nd3 Bd6 15. Bd2 a5 16. Qc4 Ra6 17. Rfc1 Rb6 18. Nfe5 Rxb1 19. Rxb1 Bxe5 20. dxe5 Rd8 21. f4 Ndb4 22. Nxb4 axb4 23. Be1 Na5 24. Qxb4 Qxb4 25. Bxb4 {1-0 Gauri,S (2367)-Tkachenko,E (2028) Titled Tue 27th Aug Late 2024 (6)}) ({RR} 10... Bxd2 11. Qxd2 Re8 12. Rd1 a5 13. Ba3 Ra6 14. Qc2 Nb4 15. Bxb4 axb4 16. Rxb4 Qd6 17. Rc4 b5 18. Rc5 Bb7 19. Ne5 Bxg2 20. Kxg2 Nd7 21. Nxd7 Qxd7 22. Rxc7 Qd5+ 23. e4 Qa8 24. Rd2 Ra7 25. Rxa7 {1-0 Li,Y (2294)-Kuang Yinghui (2191) CHN Team Women 2023 (5.2)}) 11. Qc2 Ba5 $146 ({RR} 11... Bb4 12. Ng5 Bd6 13. Nde4 Nxe4 14. Nxe4 Be7 15. Nc5 Bxc5 16. Qxc5 Qd6 17. Qc3 e5 18. Ba3 Qf6 19. d5 Ne7 20. Qxc7 Nf5 21. d6 Rd8 22. Bxb7 Bxb7 23. Rxb7 Rac8 24. Qa5 Nxd6 25. Bxd6 Qxd6 26. Qxa7 {½-½ Kiseljova,M (2031)-Avalos Parra,J (2193) Titled Tuesday intern op 02nd Aug Early blitz 2022 (4)}) 12. Nc4 Bb6 13. Rd1 Na5 14. Nfe5 Nxc4 15. Nxc4 c6 16. Ba3 Bc7 17. e4 Qd7 18. Ne3 Bd8 19. d5 exd5 20. exd5 cxd5 21. Nxd5 Qf5 22. Qa4 Re2 23. Nf4 Bd7 24. Qb4 Bb6 25. Nxe2 Qxf2+ 26. Kh1 Qxe2 27. Qd2 Qh5 28. Rf1 Ng4 29. Bf3 Bc6 30. Bxc6 bxc6 31. Rbd1 h6 32. Qe2 Qg6 33. Rf4 Ne3 34. Rd3 Nd5 35. Rf1 Nf6 36. Rdf3 Re8 37. Qc4 Re6 38. Bb2 Re4 39. Qd3 Qg4 40. Bxf6 gxf6 41. Rxf6 Re3 42. Qc2 Qh5 43. Qxc6 Re2 44. Qa8+ 1-0

[Event "Olympiad Women 2024"]
[Site "Budapest HUN"]
[Date "2024.09.21"]
[Round "10.19"]
[Board "3"]
[White "Chirivi C, Jenny Astrid"]
[Black "Pham, Bich Ngoc"]
[Result "0-1"]
[WhiteElo "2120"]
[BlackElo "2199"]
[PlyCount "180"]
[EventDate "2024.09.11"]
[WhiteTeam "Colombia"]
[BlackTeam "Canada"]
[WhiteTeamCountry "COL"]
[BlackTeamCountry "CAN"]

1. d4 Nf6 2. c4 e6 3. Nc3 Bb4 4. Qc2 Nc6 5. Nf3 d6 6. e3 O-O 7. Be2 e5 8. O-O Bxc3 9. Qxc3 Ne4 10. Qb3 Qe7 11. d5 $146 ({RR} 11. Bd3 Nf6 12. Be2 exd4 13. Re1 dxe3 14. Bxe3 Ne5 15. Bg5 Re8 16. Nd2 h6 17. Bh4 Ng6 18. Bg3 Qf8 19. c5 Ne5 20. cxd6 cxd6 21. Bh4 Nfd7 22. Rad1 Nc5 23. Qa3 Bf5 24. Bb5 Re6 25. f4 Ng6 {½-½ Schulte,J (2139)-Braun,P (2271) Dresden op 10th 2001 (1)}) 11... Nb8 12. Qc2 f5 13. Ne1 a5 14. f3 Nf6 15. b3 c6 16. dxc6 bxc6 17. Bb2 c5 18. Rd1 Be6 19. Nd3 Nc6 20. Nc1 a4 21. Rd2 axb3 22. axb3 Ne8 23. f4 e4 24. Rfd1 Nb4 25. Qb1 Qb7 26. Bf1 Bf7 27. Be2 h6 28. g4 Be6 29. h3 Qd7 30. Kh2 Qe7 31. Rg1 Qh4 32. Rg3 Ra7 33. Bd1 Kh7 34. gxf5 Bxf5 35. Bg4 g6 36. Bc3 Nf6 37. Bxf5 gxf5 38. Rdg2 d5 39. cxd5 Nbxd5 40. Be5 Nh5 41. Rg4 Qe1 42. Re2 Qf1 43. Qc2 Rc8 44. Rg1 Qf3 45. Qd2 Rd7 46. Qe1 Rg8 47. Rxg8 Kxg8 48. b4 cxb4 49. Nb3 Ndxf4 50. exf4 Qxb3 51. Rg2+ Kh7 52. Qc1 Qd5 53. Qc8 Ng7 54. Qf8 Qg8 55. Qxb4 Qe8 56. Qb6 Ne6 57. Qa5 Nf8 58. Bc3 Qe6 59. Rb2 e3 60. Qa8 Rf7 61. Qg2 Ng6 62. Qf3 Qe4 63. Kg3 Qd3 64. Rb7 Kg8 65. Rxf7 Kxf7 66. Qb7+ Ne7 67. Qb3+ Qd5 68. Qb6 e2 69. Kf2 Qc4 70. Qf6+ Ke8 71. Qe5 Kd7 72. Ke1 Qd3 73. Ba5 Nd5 74. Qg7+ Kc6 75. Bd2 Qf3 76. Qg6+ Kc5 77. Qg1+ Kc4 78. Ba5 Nxf4 79. Qg8+ Kb5 80. Qb8+ Kxa5 81. Qa7+ Kb5 82. Qd7+ Kc4 83. Qa4+ Kc5 84. Qa5+ Kd6 85. Qd8+ Ke5 86. Qh8+ Ke6 87. Qe8+ Kf6 88. Qf8+ Kg6 89. Qe8+ Kg5 90. Qe7+ Kh5 0-1

[Event "Olympiad Women 2024"]
[Site "Budapest HUN"]
[Date "2024.09.21"]
[Round "10.19"]
[Board "4"]
[White "Golubeva, Oksana"]
[Black "Lopez Rayo, Isabella"]
[Result "1-0"]
[WhiteElo "2119"]
[BlackElo "1952"]
[PlyCount "89"]
[EventDate "2024.09.11"]
[WhiteTeam "Canada"]
[BlackTeam "Colombia"]
[WhiteTeamCountry "CAN"]
[BlackTeamCountry "COL"]

1. d4 d5 2. c4 e6 3. Nc3 Bb4 4. Qa4+ Nc6 5. e3 Nf6 6. Bd2 O-O 7. Nf3 a6 8. Qc2 Re8 9. Rd1 ({RR} 9. a3 Bd6 10. h3 h6 11. cxd5 exd5 12. Bd3 Bd7 13. b4 Na7 14. Na4 b6 15. Nc3 Nb5 16. Ne2 Ne4 17. a4 Na7 18. O-O Nc6 19. b5 axb5 20. axb5 Nxd2 21. Qxd2 Nb4 22. Nc3 Nxd3 23. Qxd3 Be6 {0-1 Laznicka,V (2637)-Mamedyarov,S (2719) FIDE World Cup 2009 (4.1)}) 9... h6 10. a3 Bxc3 $146 ({RR} 10... Bf8 11. Bc1 dxc4 12. Bxc4 b5 13. Ba2 Bb7 14. O-O Ne7 15. e4 Ng6 16. Rfe1 Qb8 17. d5 exd5 18. e5 Ng4 19. Nxd5 N4xe5 20. Nxe5 Nxe5 21. Qf5 Bd6 22. Bxh6 Bxd5 23. Qg5 Bf8 24. Bxd5 c6 25. Ba2 {½-½ Gorovets,A (2482)-Marin Ferragut,P (2278) Titled Tue 7th May Early 2024 (1)}) 11. Bxc3 Ne4 12. Bd3 Nxc3 13. Qxc3 dxc4 14. Bxc4 Ne7 15. O-O b5 16. Ba2 Bb7 17. Ne5 Nd5 18. Qd2 Qe7 19. Rc1 Rec8 20. Rc5 Nb6 21. b3 f6 22. Nc6 Bxc6 23. Rxc6 Qxa3 24. Rxe6 Kh8 25. Qc2 Nd7 26. Bb1 Nf8 27. Rc6 a5 28. Rc1 Qb4 29. d5 a4 30. bxa4 Qxa4 31. Qd3 Qa5 32. R6c5 Rab8 33. d6 c6 34. h3 Qb4 35. Kh2 Qb2 36. R5c2 Qe5+ 37. f4 Qe8 38. Rc5 Qd7 39. e4 g6 40. Ba2 Ra8 41. Qb3 Nh7 42. Qe6 Qa7 43. Rxc6 Rd8 44. Rc7 Qxa2 45. Rxh7+ 1-0

[Event "Olympiad Women 2024"]
[Site "Budapest HUN"]
[Date "2024.09.21"]
[Round "10.20"]
[Board "1"]
[White "Linares Napoles, Oleiny"]
[Black "Ryjanova, Julia"]
[Result "1/2-1/2"]
[WhiteElo "2201"]
[BlackElo "2255"]
[PlyCount "128"]
[EventDate "2024.09.11"]
[WhiteTeam "Cuba"]
[BlackTeam "Australia"]
[WhiteTeamCountry "CUB"]
[BlackTeamCountry "AUS"]

1. c4 e6 2. Nf3 d5 3. e3 c5 4. d4 Nf6 5. a3 dxc4 6. Bxc4 a6 7. dxc5 ({RR} 7. Bd3 b5 8. Qe2 Nc6 9. dxc5 Bxc5 10. b4 Bd6 11. Bb2 O-O 12. Nbd2 Bb7 13. O-O Qe7 14. Rfd1 Rfd8 15. h3 h6 16. Rac1 Rac8 17. Bb1 Nb8 18. Rxc8 Rxc8 19. e4 e5 20. Nf1 Nbd7 21. Ng3 Bb8 {½-½ Deac,B (2707)-Idani,P (2623) EU-Cup 37th Mayrhofen 2022 (6.3)}) 7... Qxd1+ 8. Kxd1 Bxc5 9. Ke2 Nbd7 $146 ({RR} 9... b5 10. Bd3 Bb7 11. Nbd2 Nbd7 12. Nb3 Bd5 13. Nfd2 Bxg2 14. Rg1 Bd5 15. Rxg7 Bd6 16. f4 Ke7 17. e4 Nh5 18. Rg4 Ndf6 19. Rh4 Nxf4+ 20. Rxf4 Bxf4 21. exd5 Nxd5 22. Nf3 Bxc1 23. Rxc1 Nf4+ 24. Ke3 {½-½ Koziak,V (2483)-Askarian,K (2295) Alushta3 1999}) ({RR} 9... b5 10. Bd3 Bb7 11. Nbd2 Nbd7 12. b4 Bd6 13. Bb2 O-O 14. Rhd1 Rac8 15. Rac1 Rfd8 16. e4 Be7 17. Bd4 Kf8 18. h3 h6 19. g3 Ne8 20. Nb3 Nd6 21. Nfd2 f5 22. exf5 Nxf5 23. Be4 Bd5 24. Bxd5 {1-0 Aleksandrov,A (2405)-Md Imran (2180) Baku Open 2024 (3.20)}) 10. Nbd2 Bd6 11. b4 Nb6 12. Bb2 Bd7 13. Bd3 Ke7 14. Nc4 Nxc4 15. Bxc4 Rhc8 16. Bd3 a5 17. b5 a4 18. Rhc1 g6 19. e4 Bc5 20. h3 Be8 21. g3 Nd7 22. Ne5 Nxe5 23. Bxe5 f6 24. Bc3 b6 25. Bb4 Bxb4 26. Rxc8 Rxc8 27. axb4 Rc3 28. Kd2 Rb3 29. Bc2 Rxb4 30. Bxa4 Rxe4 31. Bc2 Re5 32. Ra7+ Bd7 33. Bd3 Rd5 34. Ke3 Kd8 35. h4 Kc8 36. Ra8+ Kc7 37. Rh8 Rh5 38. f4 e5 39. Rf8 exf4+ 40. Kxf4 Rd5 41. Be4 g5+ 42. Ke3 Rxb5 43. Rxf6 gxh4 44. gxh4 h5 45. Rh6 Bg4 46. Kd4 Rb2 47. Bg6 Rh2 48. Bxh5 Rxh4 49. Rh7+ Bd7+ 50. Ke5 Rh1 51. Bg6 Rc1 52. Kd4 Kd6 53. Bd3 Rc5 54. Bc4 Rg5 55. Rh6+ Kc7 56. Bd5 Rg4+ 57. Ke5 b5 58. Rh7 Rg1 59. Kd4 Rd1+ 60. Kc5 Rc1+ 61. Kd4 Re1 62. Kc5 Re5 63. Kd4 Re8 64. Kc5 Re1 1/2-1/2

[Event "Olympiad Women 2024"]
[Site "Budapest HUN"]
[Date "2024.09.21"]
[Round "10.20"]
[Board "2"]
[White "Zhang, Jilin"]
[Black "Arribas Robaina, Maritza"]
[Result "1-0"]
[WhiteElo "2155"]
[BlackElo "2143"]
[PlyCount "81"]
[EventDate "2024.09.11"]
[WhiteTeam "Australia"]
[BlackTeam "Cuba"]
[WhiteTeamCountry "AUS"]
[BlackTeamCountry "CUB"]

1. e4 e6 2. d4 d5 3. exd5 exd5 4. Nf3 Bd6 5. c4 Qe7+ 6. Be2 c6 7. O-O Nf6 8. Re1 O-O 9. Bg5 h6 10. Bh4 Be6 11. Nc3 Nbd7 12. cxd5 cxd5 13. Bb5 $146 ({RR} 13. Bd3 Qd8 14. Ne5 Qb6 15. Bc2 Rfe8 16. Qd3 Kf8 17. Nxd7+ Nxd7 18. Qh7 f6 19. Rxe6 Rxe6 20. Bg6 Qxd4 21. Qh8+ Ke7 22. Qxa8 Bb8 23. Qxb7 Qe5 24. Nxd5+ Kd8 25. f4 Qd6 26. Rc1 Nc5 27. Qb4 a5 {1-0 Vega Holm,F (2335)-Menvielle Laccourreye,A (2285) ESP-chT Cordoba 1995 (8)}) 13... Qd8 14. Ne5 Nb6 15. Ng6 fxg6 16. Rxe6 g5 17. Bg3 Bxg3 18. hxg3 Qc8 19. Qe1 Ne4 20. Re7 Qf5 21. Nxe4 dxe4 22. Re5 Qf6 23. Rxe4 Rad8 24. Rd1 Rd5 25. Re5 Kh8 26. Bc4 Rd6 27. Bb3 Nd7 28. Re4 Qd8 29. Re7 Nf6 30. Qe5 Re8 31. Rxe8+ Nxe8 32. Qb5 Nf6 33. Qxb7 Rxd4 34. Rc1 Qa5 35. Qe7 Re4 36. Qf8+ Kh7 37. Bc2 Qf5 38. Bxe4 Qxe4 39. Qc5 Qb7 40. Qc2+ Kg8 41. Qc8+ 1-0

[Event "Olympiad Women 2024"]
[Site "Budapest HUN"]
[Date "2024.09.21"]
[Round "10.20"]
[Board "3"]
[White "Miranda Llanes, Yerisbel"]
[Black "Nguyen, Thu Giang"]
[Result "1-0"]
[WhiteElo "2294"]
[BlackElo "2068"]
[PlyCount "103"]
[EventDate "2024.09.11"]
[WhiteTeam "Cuba"]
[BlackTeam "Australia"]
[WhiteTeamCountry "CUB"]
[BlackTeamCountry "AUS"]

1. d4 {RR} Nf6 2. c4 e6 3. Nc3 Bb4 4. e3 O-O 5. Bd3 d5 6. a3 Bxc3+ 7. bxc3 dxc4 8. Bxc4 c5 9. Ne2 Qc7 10. Ba2 b6 11. O-O Rd8 12. Bb2 Ba6 13. Re1 Nc6 14. Ng3 Rac8 15. Qf3 ({RR} 15. h3 Na5 16. e4 cxd4 17. cxd4 Qc2 18. Bc1 Bd3 19. Qxc2 Bxc2 20. d5 exd5 21. e5 Ne4 22. Nf5 Kh8 23. f3 Nc3 24. Nd6 Rc7 25. Bg5 Rf8 26. e6 fxe6 27. Rxe6 Nxa2 28. Rxa2 Bg6 29. Be7 Rb8 {0-1 Cvitan,E (2256)-Grgantov,M (2077) 36th Pula Open 2024 (5.14)}) 15... Bb7 16. Qe2 e5 17. Rad1 $146 ({RR} 17. dxe5 Nxe5 18. c4 Qc6 19. e4 Nd3 20. Red1 Nxb2 21. Qxb2 Nxe4 ({RR} 21... Qc7 22. f3 Nd7) 22. Nf5 Qf6 23. Qxf6 Nxf6 24. Ne7+ Kf8 25. Nxc8 Rxc8 26. f3 Bc6 27. Rd2 Ne8 28. Rad1 Ke7 29. Bb1 g6 30. Be4 Ba4 31. Re1 Kf8 {1-0 Khismatullin,D (2660)-Smirnov,P (2597) RUS Cup final 2011 (2.5)}) 17... Ne7 18. c4 Ng6 19. d5 Qd7 20. Bb1 Qe8 21. Nf5 b5 22. e4 Nf4 23. Qf3 bxc4 24. Qc3 Ng6 25. Qxc4 Qf8 26. f4 Nd7 27. g3 Kh8 28. h4 Nb6 29. Qc1 f6 30. h5 Ne7 31. Nxe7 Qxe7 32. fxe5 fxe5 33. Qc3 Nd7 34. Bc2 Qg5 35. Ba4 Nb6 36. Bc2 Re8 37. Rf1 Ba6 38. Rf5 Qg4 39. h6 Nc4 40. Bc1 Re7 41. Bg5 Rb7 42. hxg7+ Kg8 43. Bh6 Rxg7 44. Bxg7 Kxg7 45. d6 Bb5 46. Rb1 Bc6 47. Qxc4 Qxg3+ 48. Kf1 Qh3+ 49. Ke1 Qg3+ 50. Kd2 Qh2+ 51. Kc3 Be8 52. d7 1-0

[Event "Olympiad Women 2024"]
[Site "Budapest HUN"]
[Date "2024.09.21"]
[Round "10.20"]
[Board "4"]
[White "Shen, Zhiyuan"]
[Black "Forgas Moreno, Yaniela"]
[Result "1-0"]
[WhiteElo "1969"]
[BlackElo "2203"]
[PlyCount "79"]
[EventDate "2024.09.11"]
[WhiteTeam "Australia"]
[BlackTeam "Cuba"]
[WhiteTeamCountry "AUS"]
[BlackTeamCountry "CUB"]

1. e4 g6 2. d4 Bg7 3. Nc3 c6 4. h3 d5 5. e5 f6 6. Nf3 Nh6 7. Bf4 Nf7 8. exf6 exf6 9. Bd3 O-O 10. O-O Re8 $146 ({RR} 10... Nd7 11. h4 f5 12. Ne2 Nf6 13. Qc1 Ne4 14. c3 Bf6 15. g3 Re8 16. Ne1 Kg7 17. f3 Ned6 18. Ng2 h6 19. Bxd6 Qxd6 20. Qf4 Qe7 21. Rae1 Bd7 22. Qc7 Qd6 23. Qxb7 Reb8 24. Qa6 Rxb2 25. Rb1 {0-1 Stehno,P (2310)-Karlik,V (2296) Litomysl op 2003 (8)}) ({RR} 10... Nd7 11. Ne2 f5 12. c3 Nf6 13. Ne5 Nh5 14. Nxf7 Rxf7 15. Qd2 Nxf4 16. Qxf4 g5 17. Qd2 f4 18. f3 Qf6 19. Qc2 Bf8 20. Rae1 c5 21. Qd2 Bd7 22. Kh1 c4 23. Bc2 h5 24. Kg1 Bd6 25. Rf2 {0-1 Schuh,T-Branding,V DLM U20 Templin 1997}) 11. Re1 Nd7 12. Ne2 Nf8 13. Bh2 Ne6 14. c4 Neg5 15. Nd2 dxc4 16. Bxc4 Be6 17. Qb3 b5 18. Bxe6 Nxe6 19. Nf3 Qd7 20. Rad1 Rad8 21. Bg3 Bf8 22. a3 Kg7 23. Nf4 Nxf4 24. Bxf4 Bd6 25. Bxd6 Rxe1+ 26. Rxe1 Qxd6 27. Re6 Qd7 28. Qe3 Qd5 29. Re7 Rd7 30. Re8 a5 31. Qe1 a4 32. Qb4 Nd6 33. Rb8 Qc4 34. Qe1 Qf7 35. Qb4 Qd5 36. Ra8 c5 37. Qa5 cxd4 38. Ra7 Nf5 39. Qd8 Rxa7 40. Qxd5 1-0